[Anunci de la publicació del llibre Cançons d'infants de Narcisa Freixas]
Descripción Física:
[8] p. : il. ; 24 cm
Otros Autores:
Freixas, Narcisa
Materias:
Cançons infantils -- Catalunya
MARC
| LEADER | 00000nam a2200000Ia 4500 | ||
|---|---|---|---|
| 001 | 21508 | ||
| 008 | 160829s1938?] xx 000 0 cat d | ||
| 080 | |a RF-12-100 | ||
| 245 | |a [Anunci de la publicació del llibre Cançons d'infants de Narcisa Freixas] | ||
| 260 | |a Barcelona : |b [s.n., |c 1938?] | ||
| 300 | |a [8] p. : |b il. ; |c 24 cm | ||
| 590 | |a Prové de Q-331, exp. 222. | ||
| 590 | |a Les recaudacions de les vendes estan destinades al Sanatori-Escola d'Infants Invàlids per Paràlisi Infantil de la Llar Infantil Narcisa Freixas (La Garriga). | ||
| 590 | |a Vegeu el llibre a: R. 21507 | ||
| 650 | |a Cançons infantils |x Catalunya |9 29156 | ||
| 700 | |a Freixas, Narcisa |9 39139 | ||
| 856 | 4 | |u https://media.diba.cat/diba/fitxers/arxiu/fulletons/bib_21508_baixa.pdf |y Accés lliure | |
| 856 | 4 | |u https://media.diba.cat/diba/fitxers/arxiu/fulletons/bib_21508_baixa.pdf |y Accés lliure | |
| 901 | |a Arxiu | ||
| 942 | |n 1 |2 udc | ||
| 952 | |0 0 |1 0 |4 0 |6 RF12100 |7 1 |9 54027 |a Arxiu |b Arxiu |d 2016-12-01 |l 0 |o RF-12-100 |p 21508 |r 2016-12-01 00:00:00 |w 2016-12-01 |y ARXIU | ||
| 999 | |c 57895 |d 57895 | ||
| 900 | |a bib_21508_baixa.pdf | ||